000 00436nam a22001577a 4500
003 OSt
005 20140311163156.0
008 140226t xxu||||| |||| 00| 0 eng d
020 _a053452740
050 _aQA 135.5
_b.M396 1997
245 _aMathTivities! :
_bclassroom activities for grades 1-6 /
260 _aCA :
_bCreative Publications,
_cc1997.
300 _a230 p. :
_bill. ;
_c28 cm.
942 _2lcc
_cBK-TR
999 _c42385
_d42385